000 00644nam a2200241Ia 4500
003 OSt
005 20221005081531.0
006 a|||||r|||| 00| 0
007 ta
008 221004b |||||||| |||| 00| 0 eng d
024 _a60434
037 _cTextual
040 _aCRL
_cCRL
_beng
041 _2eng
_aeng
082 _aV2:594.N9, N3
100 _aKunju N
_9611153
245 0 _aOlive green home truths
_b Howaring suffers from colonial hangaver.
260 _aNew Delhi
_bReliance
_c1993
300 _a118p.
_ccm.
650 _aHISTORY
942 _hV2:594.N9, N3
_cTEXL
_2cc
999 _c987827
_d987827